[Event "IND-ch U09 Girls 37th"]
[Site "Pune"]
[Date "2025.01.01"]
[Round "9"]
[White "Aashvi, Ankit Agarwal"]
[Black "Ankita, Raj"]
[Result "0-1"]
[WhiteElo "1407"]
[BlackElo "1457"]
[PlyCount "72"]
[EventDate "2024.12.27"]
[EventType "swiss"]
[EventRounds "11"]
[EventCountry "IND"]
[SourceTitle "CB02_2025"]
[SourceDate "2025.01.08"]
[SourceVersion "1"]
[SourceVersionDate "2025.01.08"]
[SourceQuality "1"]

1. Nf3 d5 2. e3 e6 3. b3 Nf6 4. Bb2 Bd6 5. Be2 0-0 6. 0-0 c5 7. c4 b6 8. d4 Bb7 9. Nbd2 Nc6 10. Qc2 Rc8 11. Rfd1 Bb8 12. dxc5 bxc5 13. Qc3 Qd6 14. Ne4 d4 15. Nxf6+ gxf6 16. Qd3 Ne5 17. Nxe5 Qxe5 18. f4 Qe4 19. Qxe4 Bxe4 20. exd4 Bxf4 21. dxc5 Be3+ 22. Kf1 Rxc5 23. Ba3 Rf5+ 24. Bf3 Rc8 25. Ke2 Bxf3+ 26. gxf3 Bb6 27. Bb2 e5 28. Rac1 Rg5 29. Rb1 Rg2+ 30. Kf1 Rf2+ 31. Ke1 Rxh2 32. Rdc1 Be3 33. Rd1 Kh8 34. Bc1 Bd4 35. f4 Rg8 36. Rxd4 Rg1# 0-1